000 00258nam a2200109Ia 4500
008 220204s9999 xx 000 0 und d
082 _a82-3
_bCHA
100 _aChandler, Frank
245 2 _aA Fistful of dollars
260 _aLondon
_bAllen
_c1972
942 _cBK
999 _c38741
_d38741